<?xml version="1.0" encoding="UTF-8"?>
<record
    xmlns:xsi="http://www.w3.org/2001/XMLSchema-instance"
    xsi:schemaLocation="http://www.loc.gov/MARC21/slim http://www.loc.gov/standards/marcxml/schema/MARC21slim.xsd"
    xmlns="http://www.loc.gov/MARC21/slim">

  <leader>00803nam a22002057a 4500</leader>
  <datafield tag="999" ind1=" " ind2=" ">
    <subfield code="c">145615</subfield>
    <subfield code="d">145615</subfield>
  </datafield>
  <controlfield tag="005">20181218164043.0</controlfield>
  <datafield tag="010" ind1=" " ind2=" ">
    <subfield code="a">1718EN-30      B-681931-938                        </subfield>
  </datafield>
  <datafield tag="020" ind1=" " ind2=" ">
    <subfield code="a">9789386338358</subfield>
    <subfield code="c">299.00</subfield>
  </datafield>
  <datafield tag="035" ind1=" " ind2=" ">
    <subfield code="a">B-681931-938</subfield>
  </datafield>
  <datafield tag="037" ind1=" " ind2=" ">
    <subfield code="b">Pragati</subfield>
    <subfield code="a">dpl</subfield>
  </datafield>
  <datafield tag="082" ind1=" " ind2=" ">
    <subfield code="a">891.463</subfield>
  </datafield>
  <datafield tag="100" ind1=" " ind2=" ">
    <subfield code="a">Matkari, Ganesh </subfield>
  </datafield>
  <datafield tag="245" ind1=" " ind2=" ">
    <subfield code="a">Half open windows / </subfield>
    <subfield code="c">by Ganesh Matkari translated from Marathi by Jerry Pinto</subfield>
  </datafield>
  <datafield tag="260" ind1=" " ind2=" ">
    <subfield code="a">New Delhi</subfield>
    <subfield code="b">Speaking Tiger</subfield>
    <subfield code="c">2017</subfield>
  </datafield>
  <datafield tag="270" ind1=" " ind2=" ">
    <subfield code="a">4381/4, Ansari Road, Daryaganj</subfield>
    <subfield code="b">New Delhi</subfield>
    <subfield code="e">110002</subfield>
  </datafield>
  <datafield tag="300" ind1=" " ind2=" ">
    <subfield code="a">194p.</subfield>
    <subfield code="b">21cm(pbk)</subfield>
  </datafield>
  <datafield tag="700" ind1=" " ind2=" ">
    <subfield code="a">Pinto,Jerry</subfield>
  </datafield>
  <datafield tag="942" ind1=" " ind2=" ">
    <subfield code="2">ddc</subfield>
    <subfield code="c">EN</subfield>
    <subfield code="h">891.463</subfield>
  </datafield>
  <datafield tag="952" ind1=" " ind2=" ">
    <subfield code="0">0</subfield>
    <subfield code="1">0</subfield>
    <subfield code="4">0</subfield>
    <subfield code="7">0</subfield>
    <subfield code="8">NFIC</subfield>
    <subfield code="a">L</subfield>
    <subfield code="b">L</subfield>
    <subfield code="d">2018-05-04</subfield>
    <subfield code="e">Pragati/142/27.11.2017/672/20.11.2017/28.11.2017</subfield>
    <subfield code="g">299.00</subfield>
    <subfield code="l">12</subfield>
    <subfield code="m">8</subfield>
    <subfield code="o">891.463</subfield>
    <subfield code="p">B-681931</subfield>
    <subfield code="r">2025-10-18 00:00:00</subfield>
    <subfield code="s">2025-10-01</subfield>
    <subfield code="t">1</subfield>
    <subfield code="v">299.00</subfield>
    <subfield code="w">2018-05-04</subfield>
    <subfield code="y">EN</subfield>
  </datafield>
  <datafield tag="952" ind1=" " ind2=" ">
    <subfield code="0">0</subfield>
    <subfield code="1">0</subfield>
    <subfield code="4">0</subfield>
    <subfield code="7">0</subfield>
    <subfield code="8">NFIC</subfield>
    <subfield code="a">M</subfield>
    <subfield code="b">M</subfield>
    <subfield code="d">2018-05-04</subfield>
    <subfield code="e">Pragati/142/27.11.2017/672/20.11.2017/28.11.2017</subfield>
    <subfield code="g">299.00</subfield>
    <subfield code="l">0</subfield>
    <subfield code="o">891.463</subfield>
    <subfield code="p">B-681932</subfield>
    <subfield code="r">2018-05-04 00:00:00</subfield>
    <subfield code="t">2</subfield>
    <subfield code="v">299.00</subfield>
    <subfield code="y">EN</subfield>
  </datafield>
  <datafield tag="952" ind1=" " ind2=" ">
    <subfield code="0">0</subfield>
    <subfield code="1">0</subfield>
    <subfield code="4">0</subfield>
    <subfield code="7">0</subfield>
    <subfield code="8">NFIC</subfield>
    <subfield code="a">M</subfield>
    <subfield code="b">M</subfield>
    <subfield code="d">2018-05-04</subfield>
    <subfield code="e">Pragati/142/27.11.2017/672/20.11.2017/28.11.2017</subfield>
    <subfield code="g">299.00</subfield>
    <subfield code="l">0</subfield>
    <subfield code="o">891.463</subfield>
    <subfield code="p">B-681933</subfield>
    <subfield code="r">2018-05-04 00:00:00</subfield>
    <subfield code="t">2</subfield>
    <subfield code="v">299.00</subfield>
    <subfield code="y">EN</subfield>
  </datafield>
  <datafield tag="952" ind1=" " ind2=" ">
    <subfield code="0">0</subfield>
    <subfield code="1">0</subfield>
    <subfield code="4">0</subfield>
    <subfield code="7">0</subfield>
    <subfield code="8">NFIC</subfield>
    <subfield code="a">NPL</subfield>
    <subfield code="b">NPL</subfield>
    <subfield code="d">2018-05-04</subfield>
    <subfield code="e">Pragati/142/27.11.2017/672/20.11.2017/28.11.2017</subfield>
    <subfield code="g">299.00</subfield>
    <subfield code="l">0</subfield>
    <subfield code="o">891.463</subfield>
    <subfield code="p">B-681934</subfield>
    <subfield code="r">2018-05-04 00:00:00</subfield>
    <subfield code="t">1</subfield>
    <subfield code="v">299.00</subfield>
    <subfield code="y">EN</subfield>
  </datafield>
  <datafield tag="952" ind1=" " ind2=" ">
    <subfield code="0">0</subfield>
    <subfield code="1">0</subfield>
    <subfield code="4">0</subfield>
    <subfield code="7">0</subfield>
    <subfield code="8">NFIC</subfield>
    <subfield code="a">AV</subfield>
    <subfield code="b">AV</subfield>
    <subfield code="d">2018-05-04</subfield>
    <subfield code="e">Pragati/142/27.11.2017/672/20.11.2017/28.11.2017</subfield>
    <subfield code="g">299.00</subfield>
    <subfield code="l">2</subfield>
    <subfield code="m">1</subfield>
    <subfield code="o">891.463</subfield>
    <subfield code="p">B-681935</subfield>
    <subfield code="r">2024-06-14 00:00:00</subfield>
    <subfield code="s">2024-05-24</subfield>
    <subfield code="t">1</subfield>
    <subfield code="v">299.00</subfield>
    <subfield code="y">EN</subfield>
  </datafield>
  <datafield tag="952" ind1=" " ind2=" ">
    <subfield code="0">0</subfield>
    <subfield code="1">0</subfield>
    <subfield code="4">0</subfield>
    <subfield code="7">0</subfield>
    <subfield code="8">NFIC</subfield>
    <subfield code="a">BL1</subfield>
    <subfield code="b">BL1</subfield>
    <subfield code="d">2018-05-04</subfield>
    <subfield code="e">Pragati/142/27.11.2017/672/20.11.2017/28.11.2017</subfield>
    <subfield code="g">299.00</subfield>
    <subfield code="l">5</subfield>
    <subfield code="o">891.463</subfield>
    <subfield code="p">B-681936</subfield>
    <subfield code="r">2019-07-16 00:00:00</subfield>
    <subfield code="s">2019-06-27</subfield>
    <subfield code="t">1</subfield>
    <subfield code="v">299.00</subfield>
    <subfield code="y">EN</subfield>
  </datafield>
  <datafield tag="952" ind1=" " ind2=" ">
    <subfield code="0">0</subfield>
    <subfield code="1">0</subfield>
    <subfield code="4">0</subfield>
    <subfield code="7">0</subfield>
    <subfield code="8">NFIC</subfield>
    <subfield code="a">JP</subfield>
    <subfield code="b">JP</subfield>
    <subfield code="d">2018-05-04</subfield>
    <subfield code="e">Pragati/142/27.11.2017/672/20.11.2017/28.11.2017</subfield>
    <subfield code="g">299.00</subfield>
    <subfield code="l">13</subfield>
    <subfield code="m">4</subfield>
    <subfield code="o">891.463</subfield>
    <subfield code="p">B-681937</subfield>
    <subfield code="r">2026-04-24 16:25:46</subfield>
    <subfield code="s">2026-03-27</subfield>
    <subfield code="t">1</subfield>
    <subfield code="v">299.00</subfield>
    <subfield code="y">EN</subfield>
  </datafield>
  <datafield tag="952" ind1=" " ind2=" ">
    <subfield code="0">0</subfield>
    <subfield code="1">0</subfield>
    <subfield code="4">0</subfield>
    <subfield code="7">0</subfield>
    <subfield code="8">NFIC</subfield>
    <subfield code="a">NR</subfield>
    <subfield code="b">NR</subfield>
    <subfield code="d">2018-05-04</subfield>
    <subfield code="e">Pragati/142/27.11.2017/672/20.11.2017/28.11.2017</subfield>
    <subfield code="g">299.00</subfield>
    <subfield code="l">0</subfield>
    <subfield code="o">891.463</subfield>
    <subfield code="p">B-681938</subfield>
    <subfield code="r">2018-05-04 00:00:00</subfield>
    <subfield code="t">1</subfield>
    <subfield code="v">299.00</subfield>
    <subfield code="y">EN</subfield>
  </datafield>
</record>
